[Event "ICS rated blitz match"]
[Site "207.99.83.227"]
[Date "1999.03.25"]
[Round "?"]
[White "TDChess"]
[Black "Hossa"]
[Result "1-0"]
[WhiteElo "2655"]
[BlackElo "2392"]
[Annotator "Crafty v16.6"]
[PlyCount "52"]

{annotating for player Hossa using a scoring margin of +0.10 pawns. search
time limit is 12.00} 1. Nf3 1... Nc6 2. e4 Nf6 3. e5 Ng4 4. d4 d6 5. Bb5 dxe5
6. h3 e4 7. hxg4 exf3 8. Qxf3 Bd7 9. Be3 Nxd4 10. Bxd4 Bxb5 11. Qxb7 a6 ({
8:-0.98} 11... a6 12. Nc3 Qc8 13. Qe4 Qe6 14. Qxe6 fxe6 15. Nxb5 axb5 16. Ke2
$16) ({8:-0.86} 11... Bd7 12. Qe4 Qc8 13. Rxh7 Bf5 14. Qxa8 Qxa8 15. Rxh8 15...
Bxc2 $16) 12. Nc3 Rb8 ({9:-1.20} 12... Rb8 13. Qe4 Qc8 14. Nxb5 axb5 15. O-O-O
Qb7 16. Qf5 Qxg2 17. Kb1 $16) ({9:-1.05} 12... Qc8 13. Qe4 Qe6 14. Qxe6 fxe6
15. O-O-O O-O-O 16. Kb1 Bc4 17. Ne4 $16) 13. Qe4 Bd7 ({8:-1.64} 13... Bd7 14.
O-O-O e6 15. Qd3 c5 16. Be5 Bb5 17. Qxh7 Rxh7 18. Rxd8+ Rxd8 19. Rxh7 $18) ({
8:-1.26} 13... Qc8 14. Ba7 Rb7 15. O-O-O f5 16. Qd4 fxg4 17. Bc5 $16) 14. O-O-O
Qc8 15. Ba7 Rb7 ({8:-4.49} 15... Rb7 16. Rxd7 Rxa7 17. Rhd1 f5 18. Qxf5 Ra8 19.
Qh5+ g6 20. Qe5 $18) ({8:-2.62} 15... f5 16. gxf5 Ra8 17. Be3 Bxf5 18. Qc6+ Kf7
19. Qc4+ e6 20. Kb1 $18) 16. Rxd7 c6 17. Rxb7 Qxb7 18. Be3 h6 19. Rd1 e6 20.
Qd4 Qc8 21. Na4 h5 22. Qa7 Bd6 23. Rxd6 e5 24. Nb6 O-O 25. Nxc8 Rxc8 26. gxh5
Kh8 1-0

[Event "ICS rated blitz match"]
[Site "207.99.83.227"]
[Date "1999.03.25"]
[Round "?"]
[White "Hossa"]
[Black "TDChess"]
[Result "0-1"]
[WhiteElo "2386"]
[BlackElo "2661"]
[Annotator "Crafty v16.6"]
[PlyCount "122"]

{annotating for player Hossa using a scoring margin of +0.10 pawns. search
time limit is 12.00} 1. e4 1... e6 2. d4 d5 3. Nc3 Bb4 4. Qg4 Nf6 5. Qxg7 Rg8
6. Qh6 Rg6 7. Qh3 dxe4 8. Nge2 e5 9. Qe3 exd4 10. Nxd4 Qe7 11. Bd2 Bc5 12. Nce2
({8:-0.29} 12. Nce2 12... Ng4 13. Qb3 Rb6 14. Qa4+ Bd7 15. Qa5 Nc6 16. Qc3 $10)
({8:+0.41} 12. Na4 12... Nd5 13. Qb3 Bxd4 14. Qxd5 Rd6 15. Bb5+ Nd7 16. Qf5 $14
) 12... Ng4 13. Qc3 Nc6 14. h3 ({7:-1.74} 14. h3 14... Nxf2 15. Nxc6 Rxc6 16.
Rh2 Qf6 17. Qxf6 Rxf6 18. Nf4 $19) ({7:-0.67} 14. a3 14... Nxd4 15. Nxd4 Qe5
16. Be3 Nxh2 17. O-O-O Nxf1 18. Rdxf1 Rxg2 19. Rxh7 $15) 14... Nxf2 15. Nxc6
Rxc6 16. Qh8+ Qf8 17. Qxf8+ Kxf8 18. Rh2 e3 19. Bc3 Bf5 20. Nd4 Bxd4 21. Bxd4
Rxc2 22. Be2 Nd3+ 23. Kf1 Nc1 24. g4 Nxe2 25. Bxe3 Bd3 26. Rd1 Bc4 27. Bh6+ Kg8
28. Rd2 Nc3+ 29. Kg1 Rc1+ 30. Kg2 Nxa2 31. Rd7 Bb5 32. Re7 Rc6 33. Bf4 Rc8 34.
Kg3 Bc4 35. Rd2 Be6 36. Kf3 Nb4 37. Be5 Nd5 38. Rd7 Rc5 39. b4 Rb5 40. R7xd5
Bxd5+ 41. Kf2 a5 42. bxa5 Rxa5 43. Kg3 c6 44. Bd4 Ra3+ 45. Kh4 Re8 46. Rb2 Re6
47. Rxb7 Rh6+ 48. Kg5 Rg6+ 49. Kh4 f6 50. Rb8+ Kg7 51. Rb7+ Bf7 52. g5 Ra4 53.
gxf6+ Rxf6 54. Rd7 c5 55. Kg3 Rxd4 56. Rc7 Rd3+ 57. Kg2 Ra6 58. Kf1 Ra2 59. Rd7
Rxd7 60. Ke1 Bb3 61. h4 Rd1# 0-1

[Event "ICS rated blitz match"]
[Site "207.99.83.227"]
[Date "1999.03.25"]
[Round "?"]
[White "TDChess"]
[Black "Hossa"]
[Result "1-0"]
[WhiteElo "2666"]
[BlackElo "2381"]
[Annotator "Crafty v16.6"]
[PlyCount "147"]

{annotating for player Hossa using a scoring margin of +0.10 pawns. search
time limit is 12.00} 1. Nf3 1... Nc6 2. e4 Nf6 3. e5 Ng4 4. d4 d6 5. Bb5 dxe5
6. h3 e4 7. hxg4 exf3 8. Qxf3 Bd7 9. Be3 Nxd4 10. Bxd4 Bxb5 11. Qxb7 Bd7 12. f3
a6 ({9:-0.92} 12... a6 13. Nd2 c5 14. Bxc5 Rb8 15. Qxa6 Rxb2 16. Qd3 16... Qc7
$16) ({9:-0.70} 12... c5 13. Bxc5 Rb8 14. Qxa7 Rxb2 15. Na3 Bc6 16. Bd4 16...
Rb4 $14) 13. Nd2 Rb8 14. Qxa6 Bxg4 15. Qc6+ Bd7 16. Qc3 f6 17. O-O-O e5 18. Be3
Be7 19. Nb3 Qc8 20. Bc5 Bd8 21. Qc4 Be6 22. Qe4 Bf5 23. Qe3 Be6 24. Qd3 Bf5 25.
Qd5 Be6 26. Qd2 Ra8 27. Kb1 Bxb3 28. cxb3 Ra6 29. Qc2 f5 30. Bd6 e4 31. Qc3 Bf6
32. Qc4 e3 33. Rxh7 Rxh7 34. Qg8+ Kd7 35. Bxc7+ Kxc7 36. Rc1+ Rc6 37. Rxc6+
Kxc6 38. Qxc8+ Kd6 39. Qb8+ Kd7 40. Qa7+ Kc6 41. Qxe3 Rh2 42. f4 Kd5 43. b4 Kd6
44. Qc5+ Ke6 45. Qc8+ Kd6 46. Qxf5 Bd4 47. Qe4 Rh1+ 48. Kc2 Bf6 49. b3 Ra1 50.
Qd3+ Ke7 51. Qe3+ Kf8 52. Qc5+ Be7 53. Qa5 Kf7 54. Qd5+ Kg6 55. g4 Rxa2+ 56.
Kb1 Rh2 57. Qf5+ Kh6 58. g5+ Kh5 59. Qh7+ Kg4 60. Qxh2 Bxb4 61. Qe2+ Kh4 62.
Qe5 Bf8 63. Qc3 Kh5 64. Qh3+ Kg6 65. Qe6+ Kh7 66. g6+ Kh6 67. Qg8 Kh5 68. Qxf8
Kg4 69. Qxg7 Kxf4 70. Qc3 Kg4 71. Qe3 Kf5 72. g7 Kg4 73. g8=Q+ Kf5 74. Qge6#
1-0

[Event "ICS rated blitz match"]
[Site "207.99.83.227"]
[Date "1999.03.25"]
[Round "?"]
[White "Hossa"]
[Black "Quasimo"]
[Result "1-0"]
[WhiteElo "2378"]
[BlackElo "2154"]
[PlyCount "27"]

1. e4 c5 2. Bc4 g6 3. Nf3 Bg7 4. O-O e6 5. d4 d6 6. dxc5 dxc5 7. Qxd8+ Kxd8 8.
Na3 Ne7 9. Ng5 Ke8 10. Nb5 Na6 11. Nd6+ Kf8 12. Ngxf7 Rg8 13. Ng5 Nc7 14. Nxh7#
{Quasimo checkmated} 1-0

[Event "ICS rated blitz match"]
[Site "207.99.83.227"]
[Date "1999.03.25"]
[Round "?"]
[White "Hossa"]
[Black "TDChess"]
[Result "0-1"]
[WhiteElo "2382"]
[BlackElo "2662"]
[Annotator "Crafty v16.6"]
[PlyCount "128"]

{annotating for player Hossa using a scoring margin of +0.10 pawns. search
time limit is 12.00} 1. e4 1... e6 2. d4 d5 3. Nc3 Bb4 4. Qg4 Nf6 5. Qxg7 Rg8
6. Qh6 Rg6 7. Qh3 dxe4 8. Nge2 e5 9. Qe3 exd4 10. Nxd4 Qe7 11. Bd2 Bc5 12. Nce2
({8:-0.29} 12. Nce2 12... Ng4 13. Qb3 Rb6 14. Qa4+ Bd7 15. Qa5 Nc6 16. Qc3 $10)
({8:+0.41} 12. Na4 12... Nd5 13. Qb3 Bxd4 14. Qxd5 Rd6 15. Bb5+ Nd7 16. Qf5 $14
) 12... Ng4 13. Qc3 Nc6 14. h3 ({7:-1.74} 14. h3 14... Nxf2 15. Nxc6 Rxc6 16.
Rh2 Qf6 17. Qxf6 Rxf6 18. Nf4 $19) ({7:-0.67} 14. a3 14... Nxd4 15. Nxd4 Qe5
16. Be3 Nxh2 17. O-O-O Nxf1 18. Rdxf1 Rxg2 19. Rxh7 $15) 14... Nxf2 15. Nxc6
Rxc6 16. Qh8+ Qf8 17. Qxf8+ Kxf8 18. Rh2 e3 19. Bc3 Bf5 20. Nd4 Bxd4 21. Bxd4
Rxc2 22. Be2 Nd3+ 23. Kf1 Nc1 24. g4 Nxe2 25. Bxe3 Bd3 26. Rd1 Bc4 27. Bh6+ Kg8
28. Rd2 Nc3+ 29. Kg1 Rc1+ 30. Kg2 Nxa2 31. Rd7 Bb5 32. Re7 Rc6 33. Bf4 Rc8 34.
Kg3 Bc4 35. Rd2 Be6 36. Kf3 Nb4 37. Be5 Nd5 38. Rd7 Rc5 39. b4 Rb5 40. R7xd5
Bxd5+ 41. Kf2 a5 42. bxa5 Rxa5 43. Kg3 c6 44. Bd4 Re8 45. Kh4 Re6 46. Rd3 Ra4
47. Be3 f5 48. Bd2 fxg4 49. hxg4 Ree4 50. Rg3 Be6 51. Kh5 Bxg4+ 52. Kh4 h5 53.
Bc1 Kf7 54. Bg5 Re5 55. Bf4 Rxf4 56. Rg2 Bf3+ 57. Kg3 Rg4+ 58. Kxf3 Rf5+ 59.
Ke3 Rxg2 60. Ke4 Rgf2 61. Kd4 R2f3 62. Ke4 Ke6 63. Kd4 b6 64. Ke4 R5f4# 0-1

[Event "ICS rated blitz match"]
[Site "207.99.83.227"]
[Date "1999.03.25"]
[Round "?"]
[White "TDChess"]
[Black "Hossa"]
[Result "1-0"]
[WhiteElo "2667"]
[BlackElo "2377"]
[Annotator "Crafty v16.6"]
[PlyCount "115"]

{annotating for player Hossa using a scoring margin of +0.10 pawns. search
time limit is 12.00} 1. Nf3 1... Nc6 2. e4 Nf6 3. e5 Ng4 4. d4 d6 5. Bb5 dxe5
6. h3 e4 7. hxg4 exf3 8. Qxf3 Bd7 9. Be3 Nxd4 10. Bxd4 Bxb5 11. Qxb7 Bd7 12. f3
a6 ({9:-0.92} 12... a6 13. Nd2 c5 14. Bxc5 Rb8 15. Qxa6 Rxb2 16. Qd3 16... Qc7
$16) ({9:-0.70} 12... c5 13. Bxc5 Rb8 14. Qxa7 Rxb2 15. Na3 Bc6 16. Bd4 16...
Rb4 $14) 13. Nd2 Rb8 14. Qxa6 Bxg4 15. Qc6+ Bd7 16. Qc3 f6 17. O-O-O e5 18. Be3
Be7 19. Nb3 Qc8 20. Rh4 O-O 21. Rc4 Bd8 22. Nc5 Bf5 23. g4 Be6 24. Nxe6 Qxe6
25. Kb1 Rf7 26. Rc6 Qc8 27. Qc4 Qb7 28. b3 Kf8 29. Bc5+ Be7 30. Rd7 Re8 31.
Rdxc7 Qa8 32. Bxe7+ Rfxe7 33. Rxe7 Rxe7 34. Rc8+ Qxc8 35. Qxc8+ Re8 36. Qd7 Re7
37. Qd6 f5 38. gxf5 Ke8 39. f6 gxf6 40. Qxf6 Kd7 41. c4 Re8 42. Qf5+ Kd6 43.
Qxh7 Ke6 44. Qg6+ Ke7 45. c5 Kf8 46. Qf6+ Kg8 47. c6 Rf8 48. Qe6+ Kh7 49. Qxe5
Ra8 50. c7 Kh6 51. Qf4+ Kg7 52. Qd4+ Kh6 53. Qb6+ Kg7 54. Qb7 Ra3 55. c8=Q+ Kh6
56. Qf8+ Kg5 57. Qbg7+ Kh4 58. Qg4# 1-0

[Event "ICS rated blitz match"]
[Site "207.99.83.227"]
[Date "1999.03.25"]
[Round "?"]
[White "Hossa"]
[Black "TDChess"]
[Result "0-1"]
[WhiteElo "2372"]
[BlackElo "2672"]
[Annotator "Crafty v16.6"]
[PlyCount "96"]

{annotating for player Hossa using a scoring margin of +0.10 pawns. search
time limit is 12.00} 1. e4 1... e6 2. d4 d5 3. Nc3 Bb4 4. Qg4 Nf6 5. Qxg7 Rg8
6. Qh6 Rg6 7. Qh3 dxe4 8. Nge2 e5 9. Qe3 exd4 10. Nxd4 Qe7 11. Bd2 Bc5 12. Nce2
({8:-0.29} 12. Nce2 12... Ng4 13. Qb3 Rb6 14. Qa4+ Bd7 15. Qa5 Nc6 16. Qc3 $10)
({8:+0.41} 12. Na4 12... Nd5 13. Qb3 Bxd4 14. Qxd5 Rd6 15. Bb5+ Nd7 16. Qf5 $14
) 12... Ng4 13. Qc3 Nc6 14. h3 ({7:-1.74} 14. h3 14... Nxf2 15. Nxc6 Rxc6 16.
Rh2 Qf6 17. Qxf6 Rxf6 18. Nf4 $19) ({7:-0.67} 14. a3 14... Nxd4 15. Nxd4 Qe5
16. Be3 Nxh2 17. O-O-O Nxf1 18. Rdxf1 Rxg2 19. Rxh7 $15) 14... Nxf2 15. Nxc6
Rxc6 16. Qh8+ Qf8 17. Qxf8+ Kxf8 18. Rh2 e3 19. Bc3 Bf5 20. Nd4 Bxd4 21. Bxd4
Rxc2 22. Be2 Nd3+ 23. Kf1 Nc1 24. g4 Nxe2 25. Bxe3 Bd3 26. Rd1 Bc4 27. Bh6+ Kg8
28. Rd2 Nc3+ 29. Kg1 Rc1+ 30. Kg2 Nxa2 31. Rd7 Bb5 32. Re7 Rc6 33. Bf4 Rc8 34.
Kg3 Nc1 35. Re5 Bd3 36. h4 f6 37. Re7 f5 38. h5 fxg4 39. Kxg4 Rc4 40. Rg2 Kh8
41. Rf2 Bb1 42. Rf1 Nd3 43. Rxb1 Rxf4+ 44. Kh3 Rg8 45. Re2 Rf5 46. Kh4 Nf4 47.
Re5 Rxe5 48. b4 Rxh5# 0-1

[Event "ICS rated blitz match"]
[Site "207.99.83.227"]
[Date "1999.03.25"]
[Round "?"]
[White "TDChess"]
[Black "Hossa"]
[Result "1-0"]
[WhiteElo "2677"]
[BlackElo "2367"]
[Annotator "Crafty v16.6"]
[PlyCount "103"]

{annotating for player Hossa using a scoring margin of +0.10 pawns. search
time limit is 12.00} 1. Nf3 1... Nc6 2. e4 Nf6 3. e5 Ng4 4. d4 d6 5. Bb5 dxe5
6. h3 e4 7. hxg4 exf3 8. Qxf3 Bd7 9. Be3 Nxd4 10. Bxd4 Bxb5 11. Qxb7 Bd7 12.
Nc3 Rb8 13. Qxa7 Rxb2 14. O-O-O Qb8 15. Qxb8+ Rxb8 16. Be5 Rc8 17. Nd5 Kd8 18.
Rh3 f6 19. Rhd3 fxe5 20. Nb4 Ke8 21. Rxd7 c5 22. Na6 Rc6 23. Rd8+ Kf7 24. Nb8
Rf6 25. Nd7 Rxf2 26. Nxe5+ Kg8 27. Nd3 Rf7 28. Nxc5 Rf2 29. Re1 Rf7 30. Nd7 g6
31. Nxf8 Rxf8 32. Rd7 Rf2 33. Rexe7 Kf8 34. Ra7 Rxg2 35. Reb7 Re2 36. Kd1 Re4
37. Rb8+ Re8 38. Rxe8+ Kxe8 39. Ra8+ Kf7 40. Rxh8 h5 41. gxh5 Kg7 42. hxg6 Kxg6
43. c4 Kf5 44. c5 Ke6 45. c6 Kd6 46. Rh7 Ke5 47. c7 Kf4 48. Re7 Kf3 49. c8=Q
Kf4 50. Qf8+ Kg5 51. Rg7+ Kh4 52. Qh8# 1-0

[Event "ICS rated bullet match"]
[Site "207.99.83.227"]
[Date "1999.03.25"]
[Round "?"]
[White "TDChess"]
[Black "Hossa"]
[Result "1-0"]
[WhiteElo "2615"]
[BlackElo "2427"]
[Annotator "Crafty v16.6"]
[PlyCount "69"]

{annotating for player Hossa using a scoring margin of +0.10 pawns. search
time limit is 12.00} 1. Nf3 1... Nc6 2. e4 Nf6 3. e5 Ng4 4. d4 d6 5. Bb5 dxe5
6. h3 e4 7. hxg4 exf3 8. Bxc6+ bxc6 9. Qxf3 Bb7 10. Be3 Rb8 ({9:-0.49} 10...
Rb8 11. Nc3 e6 12. O-O-O Bb4 13. Rd3 O-O 14. Qe4 14... h6 $14) ({9:-0.26} 10...
e6 11. Nd2 Qd5 12. Rh5 Qxf3 13. Nxf3 Bb4+ 14. Bd2 Be7 15. Ng5 15... Rd8 $10)
11. Nc3 e6 12. O-O-O Bb4 13. Bf4 c5 14. Qg3 Bxc3 ({8:-1.87} 14... Bxc3 15. Bxc7
Bxb2+ 16. Kxb2 Bxg2+ 17. Bxb8 Bxh1 18. Rxh1 Qb6+ 19. Kc1 19... cxd4 $18) ({
8:-1.45} 14... Rc8 15. dxc5 Qf6 16. Be5 Qg5+ 17. f4 Qg6 18. Nb5 O-O 19. Nxa7
$16) 15. Qxc3 Bxg2 16. Rh5 Bd5 17. Qxc5 Rb7 18. Re1 Bf3 19. Re3 Bg2 20. d5 Qd7
21. dxe6 fxe6 22. Rxe6+ Qxe6 23. Re5 Qxe5 24. Qxe5+ Kf7 25. Qf5+ Ke7 26. Bg5+
Kd6 27. Qd3+ Kc6 28. Qc3+ Kb6 29. Be3+ Ka6 30. Qc4+ Ka5 31. b3 Rxb3 32. axb3 c5
33. Qxc5+ Ka6 34. Qxa7+ Kb5 35. Qb6# 1-0

[Event "ICS rated blitz match"]
[Site "207.99.83.227"]
[Date "1999.03.25"]
[Round "?"]
[White "Hossa"]
[Black "mandamus"]
[Result "0-1"]
[WhiteElo "2386"]
[BlackElo "2621"]
[Annotator "Crafty v16.6"]
[PlyCount "81"]

{annotating for player Hossa using a scoring margin of +0.10 pawns. search
time limit is 12.00} 1. e4 1... c5 2. Bc4 e6 3. Nc3 Nc6 4. Nf3 a6 5. d4 cxd4 6.
Nxd4 Qc7 7. Nxc6 Qxc6 8. Qe2 Bc5 9. O-O Ne7 10. Bg5 f6 11. Bf4 Ng6 12. Bg3 O-O
13. Rad1 b5 14. Bb3 Bb7 15. Qd3 Rf7 16. Nd5 Rc8 17. Rde1 a5 18. a3 Ba6 19. Ne3
Bxe3 20. Qxe3 a4 21. Rc1 axb3 22. cxb3 Qa8 23. Bd6 Rxc1 24. Rxc1 f5 25. e5 f4
26. Qb6 Rf5 27. f3 Nxe5 28. Rc7 Qd5 29. Qb8+ Kf7 30. Bxe5 Qd1+ 31. Kf2 Qd2+ 32.
Kf1 Qd3+ 33. Kg1 Qe3+ 34. Kf1 Rxe5 35. Rxd7+ Kg6 36. Rxg7+ Kxg7 37. Qxe5+ Qxe5
38. h4 b4+ 39. Kg1 Qe1+ 40. Kh2 Bf1 41. axb4 0-1

[Event "ICS Rated blitz match"]
[Site "207.99.83.227"]
[Date "1999.03.25"]
[Round "?"]
[White "Hossa"]
[Black "nimraz"]
[Result "1-0"]
[WhiteElo "2394"]
[BlackElo "2187"]
[PlyCount "141"]

1. e4 c5 2. Bc4 Nc6 3. f4 g6 4. Nf3 Bg7 5. c3 Nf6 6. d3 O-O 7. O-O d5 8. exd5
Nxd5 9. Na3 Bf5 10. Bb5 Rc8 11. Nc2 a6 12. Bxc6 Rxc6 13. Nh4 Nxc3 14. bxc3 Bxd3
15. Bb2 Bxf1 16. Qxd8 Rxd8 17. Rxf1 Rd2 18. Rc1 Rcd6 19. Nf3 Rd1+ 20. Rxd1
Rxd1+ 21. Kf2 Rb1 22. Ba1 Rc1 23. Nfe1 b5 24. Bb2 Rb1 25. Ba3 Bxc3 26. Bxc5 Rb2
27. Ke3 Rxa2 28. Bxe7 a5 29. f5 b4 30. Kd3 Be5 31. Nf3 Bc7 32. fxg6 hxg6 33.
Ne3 f5 34. Nd5 Bb8 35. Bd8 Kf7 36. Bb6 Ke6 37. Kc4 Kd6 38. Nd4 Ke5 39. Bxa5
Rxg2 40. Nc6+ Ke4 41. Nxb8 Rxh2 42. Nd7 f4 43. Nc5+ Kf5 44. Bxb4 f3 45. Ne7+
Kf4 46. Nxg6+ Ke3 47. Bc3 f2 48. Bd4+ Ke2 49. Ne4 Ke1 50. Nxf2 Rxf2 51. Ne5 Rf4
52. Nd3+ Ke2 53. Nxf4+ Kf3 54. Nh3 Ke4 55. Ng1 Kf4 56. Kd5 Kg3 57. Ke4 Kg2 58.
Ne2 Kf1 59. Kf3 Ke1 60. Bc3+ Kd1 61. Nd4 Kc1 62. Bb4 Kb1 63. Ke3 Ka2 64. Bc5
Kb1 65. Ba3 Ka2 66. Bc1 Kb1 67. Kd2 Ka2 68. Kc2 Ka1 69. Ne2 Ka2 70. Nc3+ Ka1
71. Bb2# {nimraz checkmated} 1-0

[Event "ICS rated blitz match"]
[Site "207.99.83.227"]
[Date "1999.03.25"]
[Round "?"]
[White "Hossa"]
[Black "nijp"]
[Result "1-0"]
[WhiteElo "2416"]
[BlackElo "2176"]
[PlyCount "61"]

1. e4 Nf6 2. e5 Nd5 3. Nc3 Nxc3 4. dxc3 d5 5. Bf4 c5 6. Qd2 Nc6 7. O-O-O e6 8.
Bb5 a6 9. Bg5 Be7 10. Bxc6+ bxc6 11. Bxe7 Qxe7 12. c4 O-O 13. Nf3 f6 14. exf6
Qxf6 15. Rde1 Bd7 16. Ne5 Be8 17. f3 Rb8 18. Qf2 Qf4+ 19. Kb1 Rf5 20. g3 Qd4
21. Qxd4 cxd4 22. f4 c5 23. cxd5 exd5 24. Nd3 Rc8 25. Nxc5 Rxc5 26. Rxe8+ Kf7
27. Rhe1 Rf6 28. R1e7+ Kg6 29. Rg8 d3 30. Rgxg7+ Kf5 31. Rg5# {nijp checkmated}
1-0

[Event "ICS rated blitz match"]
[Site "207.99.83.227"]
[Date "1999.03.25"]
[Round "?"]
[White "Schura"]
[Black "Hossa"]
[Result "0-1"]
[WhiteElo "2251"]
[BlackElo "2422"]
[PlyCount "70"]

1. e4 d6 2. d4 Nf6 3. Nc3 c6 4. f3 e6 5. Be3 Be7 6. Qd2 O-O 7. Nge2 b5 8. a3
Na6 9. g4 b4 10. axb4 Nxb4 11. Ng3 Nd7 12. g5 e5 13. h4 exd4 14. Bxd4 c5 15.
Be3 Ne5 16. Be2 f5 17. f4 Nec6 18. exf5 Bxf5 19. Nxf5 Rxf5 20. Bg4 Rf8 21. Be6+
Kh8 22. h5 Qe8 23. f5 Bxg5 24. Bxg5 Rxf5 25. O-O-O Qxe6 26. h6 Qf7 27. hxg7+
Qxg7 28. Bh6 Qd4 29. Qg2 Rf2 30. Qg5 Rxc2+ 31. Kb1 Qe5 32. Qxe5+ Nxe5 33. Rxd6
Nc4 34. Bc1 Nxd6 35. Nd5 35... Re2 {Schura resigns} 0-1

[Event "ICS rated bullet match"]
[Site "207.99.83.227"]
[Date "1999.03.25"]
[Round "?"]
[White "Hossa"]
[Black "TDChess"]
[Result "0-1"]
[WhiteElo "2424"]
[BlackElo "2537"]
[Annotator "Crafty v16.6"]
[PlyCount "128"]

{annotating for player Hossa using a scoring margin of +0.10 pawns. search
time limit is 12.00} 1. e4 1... e6 2. d4 d5 3. Nc3 Bb4 4. Qg4 Nf6 5. Qxg7 Rg8
6. Qh6 Rg6 7. Qh3 dxe4 8. Nge2 e5 9. Qe3 exd4 10. Nxd4 Qe7 11. Bd2 Bc5 12.
O-O-O ({8:+0.01} 12. O-O-O 12... Ng4 13. Qf4 Bxd4 14. Nd5 Be5 15. Nxe7 Bxf4 16.
Nxc8 $10) ({8:+0.41} 12. Na4 12... Nd5 13. Qb3 Bxd4 14. Qxd5 Rd6 15. Bb5+ Nd7
16. Qf5 $14) 12... Qe5 13. Nf3 ({7:+0.00} 13. Nf3 13... Qe7 14. Nd4 $10) ({
7:+0.82} 13. Ncb5 13... Na6 14. f3 Be6 15. f4 Qd5 16. b3 $16) 13... Qe7 14. Nd4
Qe5 15. Be1 ({7:+0.58} 15. Be1 15... Nc6 16. Ncb5 Nxd4 17. Nxd4 Ng4 18. Qc3
18... Nxh2 $14) ({7:+0.82} 15. Ncb5 15... Na6 16. f3 Be6 17. f4 Qd5 18. b3 $16)
15... Nc6 16. Nce2 Bg4 17. f3 exf3 18. Qxe5+ Nxe5 19. gxf3 Nxf3 20. Nb5 Rc8 21.
Ba5 Ne4 22. Nxc7+ Kf8 23. h3 Be3+ 24. Kb1 Nfd2+ 25. Bxd2 Nxd2+ 26. Rxd2 Bxd2
27. hxg4 Rxc7 28. Nd4 Rh6 29. Rxh6 Bxh6 30. Bd3 Be3 31. Nb5 Rd7 32. a4 a6 33.
Nc3 Rd4 34. Bf5 a5 35. b3 Kg7 36. Ne4 b6 37. c3 Rd1+ 38. Kc2 Rd8 39. b4 axb4
40. cxb4 h5 41. gxh5 Rd5 42. Ng3 Bf4 43. Be4 Rd2+ 44. Kc3 Rh2 45. Nf5+ Kf6 46.
h6 Ke5 47. Bb1 Bxh6 48. Ne7 Bd2+ 49. Kb3 Kd6 50. Nf5+ Ke6 51. Ng3 Be1 52. Ne4
f5 53. a5 fxe4 54. axb6 e3 55. b5 e2 56. b7 Bg3 57. Bd3 e1=Q 58. Bc4+ Kd7 59.
b8=Q Qe3+ 60. Ka4 Bxb8 61. b6 Qxb6 62. Bf7 Rh4+ 63. Ka3 Bd6+ 64. Ka2 Ra4# 0-1

[Event "ICS rated blitz match"]
[Site "207.99.83.227"]
[Date "1999.03.25"]
[Round "?"]
[White "WhiteHorse"]
[Black "Hossa"]
[Result "0-1"]
[WhiteElo "2422"]
[BlackElo "2431"]
[PlyCount "72"]

1. d4 Nf6 2. e3 e6 3. f4 Be7 4. Nf3 O-O 5. Bd3 d5 6. Nbd2 Ng4 7. Qe2 Bh4+ 8. g3
Be7 9. O-O Nc6 10. c3 Bd7 11. Kg2 Qe8 12. h3 Nh6 13. g4 Kh8 14. Kh2 Rd8 15. Rg1
Ng8 16. g5 Bd6 17. Ne5 f6 18. Nxc6 Bxc6 19. Qg4 fxg5 20. Qxg5 Rd7 21. Nf3 Nf6
22. Bd2 Re7 23. Qh4 Qh5 24. Qg3 Ba4 25. Raf1 c5 26. Rf2 c4 27. Bb1 Bd7 28. Rfg2
Rg8 29. Qf2 e5 30. Ng5 exd4 31. cxd4 h6 32. Rh1 hxg5 33. h4 Ng4+ 34. Rxg4 Bxg4
35. Kg1 gxf4 36. exf4 36... Re2 {WhiteHorse resigns} 0-1

[Event "ICS rated blitz match"]
[Site "207.99.83.227"]
[Date "1999.03.25"]
[Round "?"]
[White "WhiteHorse"]
[Black "Hossa"]
[Result "1-0"]
[WhiteElo "2406"]
[BlackElo "2447"]
[Annotator "Crafty v16.6"]
[PlyCount "75"]

{annotating for player Hossa using a scoring margin of +0.10 pawns. search
time limit is 12.00} 1. d4 1... Nf6 2. e3 e6 3. f4 Be7 ({9:+0.13} 3... Be7 4.
Nf3 c5 5. c3 Nc6 6. Nbd2 cxd4 7. cxd4 Ng4 8. Ne4 $10) ({9:+0.27} 3... c5 4. c3
cxd4 5. cxd4 Ne4 6. Nf3 Nc6 7. Nbd2 Bb4 8. Bb5 $10) 4. Nf3 O-O ({9:-0.17} 4...
O-O 5. Bd3 c5 6. c3 Nc6 7. Nbd2 cxd4 8. cxd4 Nb4 9. Bc4 $10) ({9:+0.12} 4... c5
5. c3 Nc6 6. Bb5 cxd4 7. cxd4 a6 8. Bd3 Nb4 9. Bc4 $10) 5. Bd3 d5 ({9:-0.23} 
5... d5 6. c3 c5 7. O-O Nc6 8. Nbd2 Qd6 9. Ng5 9... Bd7 $10) ({9:-0.07} 5... c5
6. c3 Nc6 7. O-O d6 8. Bb5 Ng4 9. Bxc6 bxc6 10. Ng5 Bxg5 11. Qxg4 $10) 6. Nbd2
Ng4 ({9:-0.46} 6... Ng4 7. Nb3 c5 8. dxc5 Nd7 9. Nfd4 Ngf6 10. c6 10... Nc5 $14
) ({9:-0.23} 6... c5 7. c3 Nc6 8. Ng5 cxd4 9. cxd4 Nb4 10. Be2 h6 11. Ngf3 $10)
7. Qe2 Bh4+ ({8:-0.97} 7... Bh4+ 8. Nxh4 Qxh4+ 9. g3 Qh3 10. Nf3 f6 11. Ng1 Qh5
12. Nf3 $16) ({8:-0.27} 7... c5 8. Ng5 Bxg5 9. Qxg4 Bh6 10. dxc5 e5 11. Qh5
exf4 12. exf4 $10) 8. g3 Be7 9. O-O Nc6 10. c3 Bd7 11. h3 Nf6 12. Kh2 Bd6 13.
Ne5 Qe7 ({8:-0.73} 13... Qe7 14. Nxd7 Qxd7 15. b4 Ne7 16. Kg1 Nf5 17. Qf3 17...
Rad8 $16) ({8:-0.48} 13... Be8 14. Nxc6 Bxc6 15. Kg1 Qe7 16. b4 Rae8 17. a4 e5
18. fxe5 $14) 14. Rg1 Kh8 ({8:-0.70} 14... Kh8 15. Nxd7 Qxd7 16. Rf1 Ne7 17.
Kg1 Nf5 18. Qf3 18... c5 $14) ({8:-0.41} 14... Be8 15. Re1 Nd8 16. Kg1 c5 17.
Ng4 Rc8 18. Nxf6+ Qxf6 19. Qh5 cxd4 20. cxd4 $14) 15. g4 Bxe5 ({8:-0.47} 15...
Bxe5 16. fxe5 Ng8 17. g5 Be8 18. Qh5 f5 19. Qf3 19... Bg6 $14) ({8:-0.34} 15...
Be8 16. Nef3 Rd8 17. Kh1 Bd7 18. Ng5 h6 19. Ngf3 $14) 16. dxe5 Ng8 17. b3 Qh4
18. Nf3 Qh6 19. g5 Qh5 20. Rg4 f5 21. gxf6 gxf6 22. Rh4 Qf7 23. exf6 h6 24. Ne5
Nxe5 25. fxe5 Rfb8 26. e4 Qf8 27. exd5 exd5 28. a4 Be8 29. Ba3 Qf7 30. Rg1 Nxf6
31. exf6 h5 32. Bg6 Qxg6 33. Rxg6 Bxg6 34. Rxh5+ Kg8 35. Qe7 Bf7 36. Rg5+ Kh8
37. Qxf7 a5 38. Qh5# 1-0

[Event "ICS rated bullet match"]
[Site "207.99.83.227"]
[Date "1999.03.25"]
[Round "?"]
[White "mk16"]
[Black "Hossa"]
[Result "0-1"]
[WhiteElo "2123"]
[BlackElo "2413"]
[PlyCount "94"]

1. d4 Nf6 2. Nf3 e6 3. Bg5 Bb4+ 4. c3 Be7 5. e3 O-O 6. Bd3 Nc6 7. Qc2 h6 8. Bh4
g5 9. Bg3 Kh8 10. h4 g4 11. Ne5 Nxe5 12. Bxe5 d6 13. Bxf6+ Bxf6 14. Nd2 Bxh4
15. g3 Bg5 16. O-O-O Bd7 17. Ne4 d5 18. Nxg5 Qxg5 19. Rh4 f5 20. Rdh1 Rf6 21.
Rh5 Qg6 22. R5h4 a6 23. Be2 b6 24. f3 gxf3 25. Bxf3 Qxg3 26. Bd1 Qxe3+ 27. Kb1
c5 28. R4h3 Qe4 29. Rxh6+ Rxh6 30. Rxh6+ Kg7 31. Rh2 cxd4 32. Qxe4 dxe4 33.
cxd4 Bb5 34. Bb3 Rc8 35. Rg2+ Kf6 36. Bc2 Rd8 37. Rd2 e3 38. Rd1 e2 39. Re1
Rxd4 40. Kc1 Rf4 41. b3 Rf1 42. Kd2 Rxe1 43. Kxe1 a5 44. Kf2 Ke5 45. Ke1 Kd4
46. Kf2 Kc3 47. Bb1 47... Kd2 {mk16 resigns} 0-1

[Event "ICS rated bullet match"]
[Site "207.99.83.227"]
[Date "1999.03.25"]
[Round "?"]
[White "Hossa"]
[Black "TDChess"]
[Result "1-0"]
[WhiteElo "2418"]
[BlackElo "2541"]
[PlyCount "105"]

1. e4 e6 2. d4 d5 3. Nc3 Bb4 4. Qg4 Nf6 5. Qxg7 Rg8 6. Qh6 Rg6 7. Qh3 dxe4 8.
Nge2 e5 9. Qe3 exd4 10. Nxd4 Bxc3+ 11. Qxc3 Nd5 12. Qc4 Qd6 13. Bd2 Nb6 14. Qc3
Nd5 15. Nb5 Nxc3 16. Nxd6+ cxd6 17. Bxc3 Be6 18. Rd1 Bxa2 19. b3 Na6 20. Bb5+
Ke7 21. Bxa6 bxa6 22. Ra1 Rc8 23. Bb2 e3 24. Rxa2 Rxg2 25. Bd4 Rxf2 26. Bxe3
Rcxc2 27. Rxc2 Rxc2 28. O-O Rc3 29. Bg5+ Kf8 30. b4 Rc4 31. Rf4 d5 32. Rxc4
dxc4 33. Bf6 Ke8 34. Kf2 Kd7 35. Ke3 Ke6 36. Bd4 Kd5 37. Bxa7 h5 38. h4 Kc6 39.
Kf4 Kd5 40. Be3 c3 41. Kg5 Ke4 42. Bc1 Kd3 43. Kxh5 Kc2 44. Bf4 Kb1 45. Kg5 c2
46. h5 c1=Q 47. Bxc1 Kxc1 48. h6 Kb2 49. Kf6 Kc2 50. Kxf7 Kc3 51. h7 Kc4 52.
h8=Q Kb3 53. Qc8 {TDChess resigns} 1-0